All-Time NASCAR Winners - Statistics

General Stats
  • This quiz has been taken 79 times
    33 since last reset
  • The average score is 70 of 205
Answer Stats
Rank Wins Answer % Correct
3 93 Jeff Gordon
100%
115-144 2 Bubba Wallace
94%
8 76 Dale Earnhardt
94%
33-34 26 Dale Earnhardt Jr
94%
6-7 83 Jimmie Johnson
94%
25 35 Joey Logano
94%
26-27 34 Kurt Busch
94%
9 63 Kyle Busch
94%
115-144 2 Bobby Johns
88%
24 36 Brad Keselowski
88%
115-144 2 Joe Lee Johnson
88%
14-15 50 Junior Johnson
88%
10 60 Kevin Harvick
88%
30 29 Kyle Larson
88%
70-72 8 Kyle Petty
88%
20 40 Mark Martin
88%
1 200 Richard Petty
88%
16-17 48 Tony Stewart
88%
19 44 Bill Elliott
81%
48-53 18 Chase Elliott
81%
5 84 Darrell Waltrip
81%
12-13 54 Lee Petty
81%
21-22 39 Matt Kenseth
81%
88-104 4 Michael Waltrip
81%
105-114 3 Robby Gordon
81%
11 55 Rusty Wallace
81%
115-144 2 Austin Cindric
75%
79-87 5 Austin Dillon
75%
4 85 Bobby Allison
75%
145-206 1 Casey Mears
75%
44-47 19 Davey Allison
75%
2 105 David Pearson
75%
12-13 54 Denny Hamlin
75%
63-65 10 Donnie Allison
75%
26-27 34 Martin Truex Jr
75%
115-144 2 Red Byron
75%
59-62 13 William Byron
75%
105-114 3 AJ Allmendinger
69%
39-42 21 Bobby Labonte
69%
6-7 83 Cale Yarborough
69%
31-32 28 Carl Edwards
69%
78 6 Chris Buescher
69%
66-69 9 Christopher Bell
69%
145-206 1 Harrison Burton
69%
39-42 21 Jeff Burton
69%
115-144 2 Regan Smith
69%
79-87 5 Ross Chastain
69%
145-206 1 Shane van Gisbergen
69%
63-65 10 Sterling Marlin
69%
38 22 Terry Labonte
69%
70-72 8 Tyler Reddick
69%
79-87 5 Ward Burton
69%
115-144 2 Chase Briscoe
63%
63-65 10 Clint Bowyer
63%
115-144 2 Daniel Suarez
63%
39-42 21 Jack Smith
63%
72-77 7 Jamie McMurray
63%
48-53 18 Kasey Kahne
63%
59-62 13 Ryan Blaney
63%
48-53 18 Ryan Newman
63%
79-87 5 Alan Kulwicki
56%
70-72 8 Alex Bowman
56%
88-104 4 Bob Flock
56%
44-47 19 Buddy Baker
56%
29 32 Dale Jarrett
56%
44-47 19 Fonty Flock
56%
145-206 1 Jack White
56%
35-36 25 Joe Weatherly
56%
115-144 2 Michael McDowell
56%
14-15 50 Ned Jarrett
56%
31-32 28 Rex White
56%
88-104 4 Ricky Stenhouse Jr
56%
21-22 39 Tim Flock
56%
39-42 21 Benny Parsons
50%
18 46 Buck Baker
50%
105-114 3 Erik Jones
50%
88-104 4 Joe Nemechek
50%
88-104 4 Parnelli Jones
50%
145-206 1 Phil Parsons
50%
145-206 1 Justin Haley
44%
115-144 2 Marcos Ambrose
44%
145-206 1 Trevor Bayne
44%
105-114 3 Aric Almirola
38%
23 37 Bobby Isaac
38%
145-206 1 Brett Bodine
38%
105-114 3 Brian Vickers
38%
105-114 3 Elliott Sadler
38%
48-53 18 Geoff Bodine
38%
44-47 19 Greg Biffle
38%
88-104 4 Ken Schrader
38%
145-206 1 Paul Menard
38%
115-144 2 Ricky Craven
38%
145-206 1 Bill Rexford
31%
115-144 2 David Ragan
31%
115-144 2 David Reutimann
31%
115-144 2 Derrike Cope
31%
145-206 1 Donald Thomas
31%
28 33 Fireball Roberts
31%
16-17 48 Herb Thomas
31%
115-144 2 John Andretti
31%
115-144 2 Juan Pablo Montoya
31%
145-206 1 Mario Andretti
31%
37 23 Ricky Rudd
31%
115-144 2 Steve Park
31%
72-77 7 AJ Foyt
25%
33-34 26 Fred Lorenzen
25%
79-87 5 Jeremy Mayfield
25%
57-58 14 LeeRoy Yarbrough
25%
145-206 1 Cole Custer
19%
48-53 18 Harry Gant
19%
59-62 13 Tim Richmond
19%
79-87 5 Dan Gurney
13%
59-62 13 Dick Rathmann
13%
56 15 Ernie Irvan
13%
88-104 4 Glen Wood
13%
145-206 1 Jerry Nadeau
13%
115-144 2 Jimmy Spencer
13%
35-36 25 Jim Paschal
13%
115-144 2 Johnny Beauchamp
13%
145-206 1 Lake Speed
13%
54-55 17 Marvin Panch
13%
79-87 5 Tiny Lund
13%
145-206 1 Wendell Scott
13%
115-144 2 Al Keller
6%
145-206 1 Art Watts
6%
145-206 1 Bill Amick
6%
115-144 2 Billy Myers
6%
66-69 9 Bob Welborn
6%
54-55 17 Curtis Turner
6%
145-206 1 Danny Weinburg
6%
79-87 5 Dave Marcis
6%
88-104 4 Eddie Gray
6%
88-104 4 Eddie Pagan
6%
105-114 3 Gwyn Staley
6%
145-206 1 Johnny Rutherford
6%
72-77 7 Marshall Teague
6%
115-144 2 Marvin Porter
6%
88-104 4 Morgan Shepherd
6%
48-53 18 Neil Bonnett
6%
145-206 1 Richard Brickhouse
6%
145-206 1 Ron Bouchard
6%
43 20 Speedy Thompson
6%
145-206 1 Tommy Thompson
6%
105-114 3 Bill Blair
0%
145-206 1 Bill Norton
0%
88-104 4 Billy Wade
0%
145-206 1 Bob Burdick
0%
88-104 4 Bobby Hamilton
0%
145-206 1 Bobby Hillin Jr
0%
145-206 1 Buddy Shuman
0%
88-104 4 Charlie Glotzbach
0%
145-206 1 Chuck Stevenson
0%
66-69 9 Cotton Owens
0%
145-206 1 Danny Graves
0%
115-144 2 Danny Letner
0%
72-77 7 Darel Dieringer
0%
145-206 1 Dick Brooks
0%
57-58 14 Dick Hutcherson
0%
105-114 3 Dick Linder
0%
145-206 1 Dick Passwater
0%
145-206 1 Earl Balmer
0%
145-206 1 Earl Ross
0%
115-144 2 Elmo Langley
0%
115-144 2 Emmanuel Zervakis
0%
145-206 1 Frankie Schneider
0%
105-114 3 Frank Mundy
0%
115-144 2 Gober Sosebee
0%
145-206 1 Greg Sacks
0%
145-206 1 Harold Kite
0%
88-104 4 Hershel McGriff
0%
115-144 2 James Hylton
0%
145-206 1 Jim Cook
0%
145-206 1 Jim Hurtubise
0%
145-206 1 Jimmy Florian
0%
115-144 2 Jimmy Pardue
0%
72-77 7 Jim Reed
0%
145-206 1 Jim Roper
0%
145-206 1 Jody Ridley
0%
145-206 1 Joe Eubanks
0%
145-206 1 John Kieper
0%
145-206 1 Johnny Allen
0%
145-206 1 Johnny Benson
0%
145-206 1 Johnny Mantz
0%
145-206 1 John Rostek
0%
145-206 1 John Soares
0%
145-206 1 Larry Frank
0%
145-206 1 Lennie Pond
0%
145-206 1 Leon Sales
0%
88-104 4 Lloyd Dane
0%
145-206 1 Lloyd Moore
0%
145-206 1 Lou Figaro
0%
145-206 1 Mark Donohue
0%
145-206 1 Marvin Burke
0%
145-206 1 Neil Cole
0%
88-104 4 Nelson Stacy
0%
145-206 1 Norm Nelson
0%
66-69 9 Paul Goldsmith
0%
145-206 1 Paul Lewis
0%
88-104 4 Pete Hamilton
0%
79-87 5 Ralph Moody
0%
115-144 2 Ray Elder
0%
145-206 1 Royce Hagerty
0%
145-206 1 Sam McQuagg
0%
145-206 1 Shorty Rollins
0%
115-144 2 Tom Pistone
0%
No matching quizzes found
Score Distribution
Percent of People with Each Score
Percentile by Number Answered
Your Score History
You have not taken this quiz since the last reset